000 01302nam0a22002651 4500
001 rc\403689
005 20260406222108.0
035 _a(NLR Aleph) 005652286
090 _a6784677
_c6784677
100 _a20030616d1989 |||y0rusy50 ca
101 0 _arus
102 _aRU
105 _ay |||||||||
200 1 _aИГРА в ознакомление дошкольников с растениями
_e(Метод. рекомендации для воспитателей сред. группы дет. сада)
_fМогилев. обл. совет Пед. о-ва БССР и др.
_g[Сост. Комарова И.А.]
210 _aМогилев
_cБ. и.
_d1989
215 _a49 с.
_d20
300 _aВ надзаг. также: Могилев. гос. пед. ин-т им. А.А. Кулешова, Могилев. обл. ин-т усоверш. учителей
702 1 _4220
_aКомарова
_bИ. А.
_cканд. пед. наук
_f1963-
_gИрина Анатольевна
_9214305
_3RU\NLR\AUTH\770214361
712 0 2 _aПедагогическое о-во БССР
_bМогилевский обл. совет
_cМинск
_9450822
_3RU\NLR\AUTH\889977038
801 0 _aRU
_bNLR
_gpsbo
801 1 _aRU
_bELAR
_2rusmarc
852 _aNLR
_j90-4/1988
942 _cBOOK
980 _aNB